[Event "Torino Province-ch"]
[Site "Torino"]
[Date "2012.02.28"]
[Round "2"]
[White "Tondo, Stefano"]
[Black "Zanatta, Aldo"]
[Result "1-0"]
[WhiteElo "1752"]
[BlackElo "1650"]
[PlyCount "80"]
[EventDate "2012.02.21"]
[EventType "swiss"]
[EventRounds "7"]
[EventCountry "ITA"]
[SourceTitle "EXT 2015"]
[Source "ChessBase"]
[SourceDate "2014.11.20"]
[SourceVersion "1"]
[SourceVersionDate "2014.11.20"]
[SourceQuality "1"]

1. e4 c5 2. Nf3 d6 3. d4 cxd4 4. Qxd4 Nc6 5. Bb5 Bd7 6. Bxc6 Bxc6 7. Nc3 a6 8. 0-0 Nf6 9. Bg5 e5 10. Qd3 Be7 11. Rad1 0-0 12. Nd5 Nxd5 13. exd5 Be8 14. Bxe7 Qxe7 15. Rfe1 Rc8 16. Nxe5 dxe5 17. d6 Qd7 18. Rxe5 Rc6 19. Re7 Qxd6 20. Qxd6 Rxd6 21. Rxd6 Bc6 22. f3 g6 23. Kf2 Kg7 24. c4 Rc8 25. c5 a5 26. Ke2 a4 27. Kd3 Ra8 28. Rxc6 bxc6 29. Rc7 Rb8 30. Kc3 Re8 31. Rxc6 Re2 32. Rd6 Rxg2 33. c6 Rg1 34. Kc2 Rg2+ 35. Rd2 Rg5 36. Kc1 Rg1+ 37. Kc2 Rg5 38. Rd3 Rg2+ 39. Kc3 Rg5 40. Kc4 Ra5 1-0

[Event "Torino op 37th"]
[Site "Torino"]
[Date "2011.10.30"]
[Round "3"]
[White "Zanatta, Aldo"]
[Black "Tondo, Stefano"]
[Result "0-1"]
[WhiteElo "1646"]
[BlackElo "1502"]
[PlyCount "72"]
[EventDate "2011.10.29"]
[EventType "swiss"]
[EventRounds "6"]
[EventCountry "ITA"]
[SourceTitle "EXT 2018"]
[Source "ChessBase"]
[SourceDate "2017.10.13"]
[SourceVersion "1"]
[SourceVersionDate "2017.10.13"]
[SourceQuality "1"]

1. d4 Nf6 2. c4 g6 3. Nc3 d5 4. e3 Bg7 5. Nf3 0-0 6. Bd3 dxc4 7. Bxc4 c6 8. 0-0 Nbd7 9. d5 Nb6 10. Bb3 Nbxd5 11. Nxd5 cxd5 12. Nd4 a6 13. a4 Qd6 14. Nf3 Bd7 15. Bd2 Ne4 16. Rb1 Rac8 17. Be1 e6 18. Bc2 Qc6 19. Bxe4 dxe4 20. Nd4 Qxa4 21. Bc3 e5 22. b3 Qa3 23. Ne2 Bb5 24. Ra1 Bxe2 25. Qxe2 Qxb3 26. Be1 Rc2 27. Qd1 Rfc8 28. Rb1 Qd3 29. Bb4 f5 30. Qe1 Re2 31. Qd1 Rcc2 32. Ra1 f4 33. Be1 fxe3 34. Qb1 Rb2 35. Qc1 Rec2 36. Qd1 e2 0-1